000 02130cam a2200133 4500500
005 20251214005144.0
041 _afre
042 _adc
100 1 0 _aDelannoi, Gil
_eauthor
245 0 0 _aSociologie de la nation : Fondements théoriques et expériences historiques
260 _bArmand Colin,
_c2014.
520 _aCette analyse des courants idéologiques, loin des essais « pour » ou « contre » la nation, examine le lien entre représentation nationale et démocratie et les difficultés qu’entraîne son éventuel effacement. Étude générale du phénomène national, l’ouvrage éclaire les questions de vocabulaire, de définition et de méthode par des exemples historiques, des analyses théoriques et des réflexions philosophiques. Il propose des éléments pour comprendre le phénomène national contemporain, sa persistance comme ses fragilités, et pour évaluer le renforcement du nationalisme comme l’affaiblissement des nations.Rédigé avec rigueur et dans un style clair, ouvrage de synthèse et de réflexion original en son genre, il s’adresse notamment aux étudiants des classes préparatoires, des IEP, des universités, ainsi qu’aux candidats des concours administratifs auxquels il fournit des repères, références, analyses et problématiques.Gil Delannoi est directeur de recherche à la Fondation nationale des Sciences politiques. Ses travaux sur l’histoire des pensées et des idées se situent au carrefour de la philosophie, de l’histoire et de la sociologie. Il a notamment publié Éloge de la prudence (Berg, 1993) et co-dirigé, avec P.-A. Taguieff, Théories du nationalisme (Kimé, 1990).Points de repère. Les origines de l’idée nationale. La nation existe-t-elle ? Approches socio-historiques. Le succès historique de l’État-nation. Nationalisme contre nation. L’inefficacité de l’idéal cosmopolite. Enjeux politiques. Nécessité et relativité des stéréotypes idéologiques. Y a-t-il une vie politique après la nation ?
856 4 1 _uhttps://shs.cairn.info/sociologie-de-la-nation--9782200219406?lang=fr&redirect-ssocas=7080
999 _c1568690
_d1568690